| 000 | 01126nam a22003137a 4500 | ||
|---|---|---|---|
| 001 | 9950 | ||
| 003 | FISKH | ||
| 005 | 20260319094513.0 | ||
| 008 | 260319b cb ||||| |||| 00| 0 eng d | ||
| 020 | _a051487025147 | ||
| 040 |
_aFISKH _beng _cFISKH _dFISKH |
||
| 050 | _aPS3523 .O46 .Z58 | ||
| 082 | _a813.52 | ||
| 100 | _aBains , Rae | ||
| 245 |
_aJack London : _bA life of adventure / _cby Rae Bains : illustrated by Wayne Geehan |
||
| 260 |
_aMahwah, NJ : _bTroll Associates , _c1992. |
||
| 300 |
_a48 pages : _bcolor illustrations ; _c23 cm . |
||
| 490 | _aEasy Biographies | ||
| 505 | _aJ | ||
| 520 | _aA biography of the American novelist and short story writer who sought and wrote about adventure. | ||
| 521 | 8 |
_a500
_bLexile estimate |
|
| 521 | 8 |
_aJ
_bRaz-Plus |
|
| 650 |
_aLondon , Jack, 1876-1916- Biography _vJuvenile Literature |
||
| 650 |
_aAuthors , American-20th Cetury- Biography _vJuvenile Literature |
||
| 650 |
_aAdventure and adventures- United States- Biography _vJuvenile Literature |
||
| 700 |
_aGeehan , Wayne _eIllustrator |
||
| 942 |
_2ddc _cBK _n0 |
||
| 999 |
_c9950 _d9950 |
||